Lookism Characters - Statistics

General Stats
  • This quiz has been taken 633 times
    389 since last reset
  • The average score is 26 of 46
Answer Stats
Hint Answer % Correct
Masterpiece Daniel
98%
Hero of Burn Knuckles Vasco
97%
Iron Boxer Zack
92%
Shiro Oni Gun
89%
Weapons Genius Goo
84%
Big Deal's No. 1 Jake
81%
God Dog's No. 1 Johan
81%
One Man Circle James
76%
Elite Charles
75%
The Analyzer Jin
74%
Legend of Gangdong Eli
72%
Young Master Jay
72%
Big Deal's No. 2 Jerry
71%
Sun of Ansan Hudson
69%
Senior Manager Kim
68%
Master of Cheonliang Vin
67%
The Boy of Promise Sinu
66%
Chairman Eugene
63%
Hostel A's Big Daddy Olly
62%
Gangdong's Mighty Warren
61%
Fighting Prodigy Tom
59%
Legend of the Pre-Generation Gapryong
57%
King of Busan Jinrang
57%
Big Mama Sally
56%
King of Ansan Taesoo
56%
King of Seoul Gitae
55%
Empress of Two Seconds Mary
55%
King of Cheonliang Seongji
53%
Hidden Dragon Lineman
51%
Seoul's White Snake Jichang
50%
Medical Genius Jinyoung
47%
Kagiroi Ryuhei
47%
Vice-Chairman Mandeok
43%
Hacker Genius Kouji
40%
Hannya Doo
38%
Daruma Kenta
37%
Neko Mitsuki
37%
Worker's VVIP Yuseong
34%
King of Daegu Gongseob
32%
King of Suwon Seokdu
30%
The Devil of Osaka Akira
23%
Gangwon's Hippo Brad
23%
Hyottoko Sato
22%
Little Dragon Xiaolung
21%
Weapon of Suwon Dosu
17%
King Gon Taegon
15%
No matching quizzes found
Score Distribution
Percent of People with Each Score
Percentile by Number Answered
Your Score History
You have not taken this quiz since the last reset